Passive saturable absorber materials for short-pulse lasers (notice n° 1899211)
[ vue normale ]
| 000 -LEADER | |
|---|---|
| fixed length control field | 00470cam a2200145 4500500 |
| 005 - DATE AND TIME OF LATEST TRANSACTION | |
| control field | 20260329015603.0 |
| 041 ## - LANGUAGE CODE | |
| Language code of text/sound track or separate title | fre |
| 042 ## - AUTHENTICATION CODE | |
| Authentication code | dc |
| 100 10 - MAIN ENTRY--PERSONAL NAME | |
| Personal name | Moncorgé, Richard |
| Relator term | author |
| 245 00 - TITLE STATEMENT | |
| Title | Passive saturable absorber materials for short-pulse lasers |
| 260 ## - PUBLICATION, DISTRIBUTION, ETC. | |
| Date of publication, distribution, etc. | 2026.<br/> |
| 500 ## - GENERAL NOTE | |
| General note | 9 |
| 786 0# - DATA SOURCE ENTRY | |
| Note | Optics and photonics | - | 2026-03-05 | p. 24-24 |
| 856 41 - ELECTRONIC LOCATION AND ACCESS | |
| Uniform Resource Identifier | <a href="https://stm.cairn.info/laser-sources--bdti42452210-e6362-page-24?lang=en&redirect-ssocas=7080">https://stm.cairn.info/laser-sources--bdti42452210-e6362-page-24?lang=en&redirect-ssocas=7080</a> |
Pas d'exemplaire disponible.




Réseaux sociaux